000 00248nam a2200109Ia 4500
008 190216s9999||||xx |||||||||||||| ||und||
100 _aSukumaran Chettiyar
245 0 _aIrumban Kunchu
260 _bK R Brothers
650 _aKathakal
942 _cBK
999 _c24001
_d24001